Marchas sistemáticas de semi-micro análisis / (Registro nro. 32685)
[ vista simple ]
| 000 -LEADER | |
|---|---|
| campo de control de longitud fija | 00686nam a2200181 i 4500 |
| 001 - NÚMERO DE CONTROL | |
| campo de control | 32685 |
| 003 - IDENTIFICADOR DE NÚMERO DE CONTROL | |
| campo de control | ES-MaACL |
| 005 - FECHA Y HORA DE LA ÚLTIMA TRANSACCIÓN | |
| campo de control | 20230906154621.0 |
| 007 - CAMPO FIJO DE DESCRIPCIÓN FÍSICA--INFORMACIÓN GENERAL | |
| campo de control de longitud fija | t| |
| 008 - DATOS DE LONGITUD FIJA--INFORMACIÓN GENERAL | |
| campo de control de longitud fija | 030131s1969 sp ||||1| spa d |
| 100 1# - ENTRADA PRINCIPAL--NOMBRE DE PERSONA | |
| Nombre de persona | Bernal Nievas, Julián. |
| 9 (RLIN) | 28202 |
| 245 10 - MENCIÓN DEL TÍTULO | |
| Título | Marchas sistemáticas de semi-micro análisis / |
| Mención de responsabilidad, etc. | Director, Julián Bernal Nievas ; adjunto, José Luis Aznarez Alduan, Pedro José Montaner de Sagasti. |
| 260 ## - PUBLICACIÓN, DISTRIBUCIÓN, ETC. | |
| Lugar de publicación, distribución, etc. | Zaragoza : |
| Nombre del editor, distribuidor, etc. | Universidad de Zaragoza, Facultad de Ciencias, |
| Fecha de publicación, distribución, etc. | [1969] |
| 300 ## - DESCRIPCIÓN FÍSICA | |
| Extensión | 115 p. : |
| Otras características físicas | il. ; |
| Dimensiones | 24 cm. |
| 700 1# - ENTRADA AGREGADA--NOMBRE PERSONAL | |
| Nombre de persona | Aznarez Alduan, José Luis. |
| 9 (RLIN) | 24324 |
| 700 1# - ENTRADA AGREGADA--NOMBRE PERSONAL | |
| Nombre de persona | Montaner de Sagasti, Pedro José. |
| 9 (RLIN) | 82379 |
| 852 ## - LOCALIZACIÓN | |
| Ubicación | ES-MaACL |
| Número de control de estantería | C-41735 |
| Sublocalización o colección | R.72502 |
| Estatus retirado | Estado de pérdida | Estado de daño | No para préstamo | Biblioteca de origen | Biblioteca actual | Ubicación en estantería | Fecha de adquisición | Fuente de adquisición | Total de préstamos | Signatura topográfica completa | Código de barras | Visto por última vez | Precio de reemplazo | Tipo de ítem Koha |
|---|---|---|---|---|---|---|---|---|---|---|---|---|---|---|
| Biblioteca del Ateneo de Madrid | Biblioteca del Ateneo de Madrid | Depósito 2 | 17/01/2008 | C-41735 | 1033894 | 23/02/2023 | 23/02/2023 | Libro impreso |
